| 000 | 01083cam a2200253 i 4500 | ||
|---|---|---|---|
| 003 | SA-RiAUC | ||
| 005 | 20251029133727.0 | ||
| 008 | 251026s1981 ii g 00000 ara c | ||
| 040 |
_aSA-RiAUC _bara _cSA-RiAUC _erda |
||
| 082 | 0 | 4 | _a210.904 |
| 090 |
_a210.904 _bن د و |
||
| 100 | 1 |
_aالندوي، علي الحسني، _d1913-1999 _eمؤلف. |
|
| 245 | 1 | 2 |
_aالقرن الخامس عشر الهجري الجديد في ضوء التاريخ والواقع / _cأبو الحسن علي الحسيني الندوي. |
| 264 | 1 |
_aلكهنؤ، الهند : _bالمجمع الإسلامي العلمي، _c1981 |
|
| 300 |
_a84 صفحة ؛ _c19 سم |
||
| 336 |
_aنص _btxt _2rdacontent _3كتاب |
||
| 337 |
_aبدون وسيط _bn _2rdamedia |
||
| 338 |
_aمجلد _bnc _2rdacarrier |
||
| 500 | _aدراسة عميقة للتاريخ، استعراض أمين للواقع ومنهج شامل. | ||
| 650 | 7 |
_aالإسلام _vمتفرقات _2aucsh |
|
| 650 | 7 |
_aالإسلام والتاريخ _2aucsh |
|
| 942 |
_2ddc _cBOOK _n0 |
||
| 949 |
_aSA-JeALM _d251026 _umohamedma123 _n1 |
||
| 999 |
_c12800 _d12800 |
||